000 00335nam a2200157Ia 4500
005 20250425160852.0
008 250425s9999 xx 000 0 und d
041 _aspa
082 _a639.9
245 0 _aCARTA INFORMATICA
250 _aS.E.
260 _aS.L.
260 _aSin Pais
_bESPOL
_c1984
942 _c01
010 _a7239
999 _c197838
_d197838